Combien de ville du Loir et Cher (41) connais-tu ? - Statistiques

Statistiques générales
  • Ce quiz a été pris 15 fois
  • Le résultat moyen est 36 sur 267
Statistiques - réponses
Code postal Ville % Correct
41000 Blois
100%
41106 Vendôme
100%
41200 Romorantin-Lanthenay
79%
41250 Chambord
71%
41700 Cheverny
71%
41033 Vineuil
71%
41600 Lamotte-Beuvron
64%
41700 Cour-Cheverny
57%
41250 Mont-près-Chambord
57%
41300 Salbris
57%
41130 Selles-sur-Cher
57%
41350 Huisseau-sur-Cosson
50%
41022 Saint-Aignan
50%
41250 Bracieux
43%
41360 Cellé
43%
41120 Cellettes
43%
41500 Mer
43%
41000 Villebarou
43%
41260 La Chaussée-Saint-Victor
36%
41300 La Ferté-Imbault
36%
41320 Mennetou-sur-Cher
36%
41200 Pruniers-en-Sologne
36%
41350 Saint-Gervais-la-Forêt
36%
41320 Saint-Julien-sur-Cher
36%
41100 Selommes
36%
41300 Theillay
36%
41200 Villefranche-sur-Cher
36%
41130 Billy
29%
41120 Chailles
29%
41320 Châtres-sur-Cher
29%
41150 Chaumont-sur-Loire
29%
41250 Fontaines-en-Sologne
29%
41210 La Ferté-Beauharnais
29%
41210 Marcilly-en-Gault
29%
41230 Mur-de-Sologne
29%
41210 Neung-sur-Beuvron
29%
41600 Nouan-le-Fuzelier
29%
41140 Noyers-sur-Cher
29%
41300 Pierrefitte-sur-Sauldre
29%
41220 Saint-Laurent-Nouan
29%
41300 Selles-Saint-Denis
29%
41230 Soings-en-Sologne
29%
41300 Souesmes
29%
41250 Tour-en-Sologne
29%
41800 Troo
29%
41200 Villeherviers
29%
41120 Candé-sur-Beuvron
21%
41160 Danzé
21%
41130 Gièvres
21%
41190 Herbault
21%
41330 La Chapelle-Vendômoise
21%
41320 Langon-sur-Cher
21%
41700 Le Controis-en-Sologne
21%
41120 Les Montils
21%
41330 Marolles
21%
41200 Millançay
21%
41800 Montoire-sur-le-Loir
21%
41250 Neuvy
21%
41290 Oucques La Nouvelle
21%
41100 Pezou
21%
41100 Renay
21%
41500 Saint-Dyé-sur-Loire
21%
41100 Saint-Ouen
21%
41360 Savigny-sur-Braye
21%
41500 Suèvres
21%
41230 Vernou-en-Sologne
21%
41150 Veuzain-sur-Loire
21%
41290 Vievy-le-Rayé
21%
41100 Azé
14%
41240 Beauce la Romaine
14%
41170 Beauchêne
14%
41330 Champigny-en-Beauce
14%
41110 Châteauvieux
14%
41130 Châtillon-sur-Cher
14%
41600 Chaumont-sur-Tharonne
14%
41700 Chémery
14%
41120 Cormeray
14%
41230 Courmemin
14%
41160 Fréteval
14%
41230 Gy-en-Sologne
14%
41320 La Chapelle-Montmartin
14%
41310 Lancé
14%
41190 Lancôme
14%
41230 Lassay-sur-Croisne
14%
41160 Lignières
14%
41100 Lisle
14%
41200 Loreux
14%
41320 Maray
14%
41370 Marchenoir
14%
41110 Mareuil-sur-Cher
14%
41100 Meslay
14%
41130 Meusnes
14%
41170 Mondoubleau
14%
41100 Naveil
14%
41310 Saint-Amand-Longpré
14%
41350 Saint-Claude-de-Diray
14%
41000 Saint-Denis-sur-Loire
14%
41320 Saint-Loup
14%
41000 Saint-Sulpice-de-Pommeray
14%
41700 Sassay
14%
41600 Souvigny-en-Sologne
14%
41370 Talcy
14%
41190 Valencisse
14%
41100 Villemardy
14%
41000 Villerbon
14%
41310 Ambloy
7%
41100 Areines
7%
41330 Averdon
7%
41170 Baillou
7%
41250 Bauzy
7%
41240 Binas
7%
41160 Busloup
7%
41270 Chauvigny-du-Perche
7%
41120 Chitenay
7%
41290 Conan
7%
41170 Cormenon
7%
41700 Couddes
7%
41110 Couffy
7%
41500 Courbouzon
7%
41500 Cour-sur-Loire
7%
41100 Crucheray
7%
41220 Dhuizon
7%
41270 Droué
7%
41360 Épuisay
7%
41100 Faye
7%
41800 Fontaine-les-Coteaux
7%
41360 Fortan
7%
41330 Fossé
7%
41190 Françay
7%
41310 Gombergean
7%
41310 Huisseau-en-Beauce
7%
41290 La Chapelle-Enchérie
7%
41500 La Chapelle-Saint-Martin-en-Plaine
7%
41270 La Chapelle-Vicomtesse
7%
41220 La Ferté-Saint-Cyr
7%
41190 Landes-le-Gaulois
7%
41800 Lavardin
7%
41160 La Ville-aux-Clercs
7%
41370 Le Plessis-l'Échelle
7%
41360 Lunay
7%
41250 Maslives
7%
41500 Maves
7%
41150 Monteaux
7%
41120 Monthou-sur-Bièvre
7%
41350 Montlivault
7%
41160 Morée
7%
41500 Muides-sur-Loire
7%
41500 Mulsans
7%
41310 Nourray
7%
41700 Oisly
7%
41160 Ouzouer-le-Doyen
7%
41100 Périgny
7%
41110 Pouillé
7%
41190 Pray
7%
41160 Rahart
7%
41100 Rocé
7%
41270 Romilly
7%
41230 Rougeou
7%
41330 Saint-Bohaire
7%
41190 Saint-Cyr-du-Gault
7%
41100 Sainte-Anne
7%
41190 Saint-Étienne-des-Guérets
7%
41100 Saint-Firmin-des-Prés
7%
41400 Saint-Georges-sur-Cher
7%
41310 Saint-Gourgon
7%
41370 Saint-Léonard-en-Beauce
7%
41190 Saint-Lubin-en-Vergonnois
7%
41140 Saint-Romain-sur-Cher
7%
41210 Saint-Viâtre
7%
41120 Sambin
7%
41190 Santenay
7%
41170 Sargé-sur-Braye
7%
41110 Seigy
7%
41120 Seur
7%
41800 Sougé
7%
41140 Thésée
7%
41100 Thoré-la-Rochette
7%
41190 Tourailles
7%
41150 Valloire-sur-Cisse
7%
41230 Veilleins
7%
41330 Villefrancœur
7%
41310 Villeporcher
7%
41100 Villerable
7%
41100 Villeromain
7%
41100 Villetrun
7%
41500 Villexanton
7%
41100 Villiers-sur-Loir
7%
41600 Vouzon
7%
41600 Yvoy-le-Marron
7%
41400 Angé
0%
41800 Artins
0%
41240 Autainville
0%
41310 Authon
0%
41500 Avaray
0%
41290 Boisseau
0%
41800 Bonneveau
0%
41270 Bouffry
0%
41270 Boursay
0%
41160 Brévainville
0%
41370 Briou
0%
41600 Chaon
0%
41400 Chissay-en-Touraine
0%
41170 Choue
0%
41700 Choussy
0%
41370 Concriers
0%
41170 Couëtron-au-Perche
0%
41100 Coulommiers-la-Tour
0%
41220 Crouy-sur-Cosson
0%
41290 Épiais
0%
41400 Faverolles-sur-Cher
0%
41270 Fontaine-Raoul
0%
41700 Fresnes
0%
41800 Houssay
0%
41370 Josnes
0%
41270 La Fontenelle
0%
41370 La Madeleine-Villefrouin
0%
41210 La Marolle-en-Sologne
0%
41270 Le Gault-du-Perche
0%
41170 Le Plessis-Dorin
0%
41270 Le Poislay
0%
41800 Les Essarts
0%
41800 Les Hayes
0%
41800 Les Roches-l'Évêque
0%
41500 Lestiou
0%
41170 Le Temple
0%
41370 Lorges
0%
41100 Marcilly-en-Beauce
0%
41100 Mazangé
0%
41140 Méhers
0%
41500 Menars
0%
41150 Mesland
0%
41160 Moisy
0%
41400 Monthou-sur-Cher
0%
41406 Montrichard Val de Cher
0%
41210 Montrieux-en-Sologne
0%
41800 Montrouveau
0%
41300 Orçay
0%
41400 Pontlevoy
0%
41310 Prunay-Cassereau
0%
41290 Rhodon
0%
41150 Rilly-sur-Loire
0%
41370 Roches
0%
41270 Ruan-sur-Egvonne
0%
41800 Saint-Arnoult
0%
41160 Saint-Hilaire-la-Gravelle
0%
41800 Saint-Jacques-des-Guérets
0%
41160 Saint-Jean-Froidmentel
0%
41400 Saint-Julien-de-Chédon
0%
41240 Saint-Laurent-des-Bois
0%
41170 Saint-Marc-du-Cor
0%
41800 Saint-Martin-des-Bois
0%
41800 Saint-Rimay
0%
41310 Sasnières
0%
41500 Séris
0%
41800 Ternay
0%
41220 Thoury
0%
41120 Valaire
0%
41800 Vallée-de-Ronsard
0%
41400 Vallières-les-Grandes
0%
41800 Villavard
0%
41270 Villebout
0%
41310 Villechauve
0%
41800 Villedieu-le-Château
0%
41290 Villeneuve-Frouville
0%
41220 Villeny
0%
41240 Villermain
0%
41100 Villiersfaux
0%
Aucun quiz correspondant
Distribution des résultats
% des personnes avec chaque résultat
Percentile par nombre de réponses
Votre historique - résultats
Vous n’avez pas pris ce quiz